书目信息 |
| 书名: | Angels & demons | |
| 作者: | Dan brown | |
| 分册号: | ||
| 分册名: | 出版地: | new york |
|
| 出版社: | Newmarket press new york | |
| 出版时间: | 2009 | |
| 页数: | 192p | |
| 开本: | 28cm | |
| 丛书名: | ||
| 中图分类号: | ||
| 科图分类号: | ||
| 其他分类号: | J91 | |
| 主题词: | ||
| 电子资源: | ||
| 000 | 00382nam0 2200145 450 | |
| 001 | 202012206444 | |
| 005 | 20121107092121.0 | |
| 008 | 20010101s | |
| 020 | @a978-1-5570-4833-2@c$19.95 | |
| 099 | @dJ91@eD19 | |
| 245 | 10 | @aAngels & demons@cDan brown |
| 260 | 0 | @anew york@bNewmarket press new york@c2009 |
| 300 | @a192p@c28cm | |
| 905 | @b6341-3 | |
| 905 | @aTSG@dJ91@eD19 | |
| Angels & demons / Dan brown.-new york : Newmarket press new york , 2009 |
| 192p ; 28cm |
| ISBN 978-1-5570-4833-2$19.95 |
| ● |
| 相关链接 |
|
|
|
正题名:Angels & demons
索取号:J91/D19
 
预约/预借
| 序号 | 登录号 | 条形码 | 馆藏地/架位号 | 状态 | 备注 |
| 1 | 6341 | 300063419 | 社科库309/309社科库 994排2列1层/ [索取号:J91/D19] | 在馆 | |
| 2 | 6342 | 300063428 | 社科库309/309社科库 994排2列1层/ [索取号:J91/D19] | 在馆 | |
| 3 | 6343 | 300063437 | 社科库309/309社科库 994排2列1层/ [索取号:J91/D19] | 在馆 |